[Event "Doha Winter Cup"]
[Site "Doha"]
[Date "2018.02.10"]
[Round "9"]
[White "Nasar, El Hassan"]
[Black "Lari, Mansour"]
[Result "0-1"]
[WhiteElo "1603"]
[BlackElo "2105"]
[PlyCount "96"]
[EventDate "2018.02.01"]
[EventType "tourn"]
[EventRounds "9"]
[EventCountry "QAT"]
[SourceTitle "CBM 182 Extra"]
[Source "ChessBase"]
[SourceDate "2018.02.23"]
[SourceVersion "1"]
[SourceVersionDate "2018.02.23"]
[SourceQuality "1"]

1. e4 g6 2. d4 Bg7 3. Nc3 d6 4. Nf3 e6 5. Bd3 Ne7 6. Be3 0-0 7. Qd2 Nd7 8. Bh6 Nf6 9. Bxg7 Kxg7 10. h4 h5 11. 0-0-0 Nc6 12. a3 e5 13. d5 Ne7 14. Ng5 c6 15. f4 cxd5 16. Nxd5 Nfxd5 17. exd5 f6 18. Ne6+ Bxe6 19. dxe6 d5 20. fxe5 fxe5 21. Bb5 Qd6 22. Bd7 Rf4 23. Rhf1 Raf8 24. Rxf4 Rxf4 25. g3 Rd4 26. Qf2 Nf5 27. Rxd4 exd4 28. Kb1 Qe5 29. Qf4 Qxf4 30. gxf4 Kf6 31. Kc1 Nxh4 32. Kd2 Ng2 33. f5 gxf5 34. e7 Kxe7 35. Bxf5 Kf6 36. Bc8 b6 37. Ke2 Ke5 38. Ba6 Nf4+ 39. Kf3 h4 40. Bf1 h3 41. Kg3 Ke4 42. Bb5 d3 43. Ba4 d2 44. c3 Ke3 45. Bd1 Nd3 46. b4 Nf2 47. Bb3 d1Q 48. Bxd1 Nxd1 0-1

[Event "Doha Winter Cup"]
[Site "Doha"]
[Date "2018.02.09"]
[Round "7"]
[White "Al Marri, Omar"]
[Black "Lari, Mansour"]
[Result "1/2-1/2"]
[WhiteElo "2118"]
[BlackElo "2105"]
[PlyCount "71"]
[EventDate "2018.02.01"]
[EventType "tourn"]
[EventRounds "9"]
[EventCountry "QAT"]
[SourceTitle "CBM 182 Extra"]
[Source "ChessBase"]
[SourceDate "2018.02.23"]
[SourceVersion "1"]
[SourceVersionDate "2018.02.23"]
[SourceQuality "1"]

1. e4 e5 2. Nf3 Nc6 3. Bc4 Bc5 4. c3 d6 5. 0-0 Nf6 6. Re1 0-0 7. h3 Be6 8. Bb5 a6 9. Ba4 b5 10. Bc2 Bb6 11. a3 Ne7 12. d4 Ng6 13. d5 Bd7 14. b3 Qe7 15. c4 Nh5 16. Bd3 Ngf4 17. Nc3 bxc4 18. Bxc4 f5 19. Be3 Rf7 20. Kh2 g5 21. Ng1 g4 22. g3 Ng6 23. exf5 Bxe3 24. fxe3 Rxf5 25. Ne4 Raf8 26. Rf1 Rxf1 27. Bxf1 Nf6 28. Nxf6+ Qxf6 29. Bg2 Qf2 30. Qd3 gxh3 31. Nxh3 Bxh3 32. Kxh3 Qb2 33. Rf1 Rxf1 34. Bxf1 Qxa3 35. Qxa6 Qc5 36. Qd3 1/2-1/2

[Event "Doha Winter Cup"]
[Site "Doha"]
[Date "2018.02.01"]
[Round "1"]
[White "Lari, Mansour"]
[Black "Omar, Ahmed Salah"]
[Result "1/2-1/2"]
[WhiteElo "2105"]
[BlackElo "1676"]
[PlyCount "89"]
[EventDate "2018.02.01"]
[EventType "tourn"]
[EventRounds "9"]
[EventCountry "QAT"]
[SourceTitle "CBM 182 Extra"]
[Source "ChessBase"]
[SourceDate "2018.02.23"]
[SourceVersion "1"]
[SourceVersionDate "2018.02.23"]
[SourceQuality "1"]

1. e4 c5 2. Nf3 e6 3. Nc3 a6 4. Be2 d6 5. 0-0 Nf6 6. d4 cxd4 7. Nxd4 Be7 8. Be3 0-0 9. f4 Qc7 10. Qe1 Nbd7 11. Qg3 b5 12. a3 Bb7 13. Bf3 Nc5 14. e5 Nfe4 15. Nxe4 Nxe4 16. Bxe4 Bxe4 17. c3 dxe5 18. fxe5 Bg6 19. Rf2 Bc5 20. Raf1 Bxd4 21. Bxd4 Rad8 22. Qg5 h6 23. Qe3 Qc4 24. g4 Qd3 25. Qf4 Qe4 26. Qg3 Qd3 27. Be3 Be4 28. h4 Bc6 29. Kh2 Qe4 30. Bd4 g5 31. h5 a5 32. b4 axb4 33. axb4 Ra8 34. Bc5 Rfd8 35. Bd4 Rd7 36. Rd2 Ra3 37. Re1 Qd5 38. Qf2 Rd8 39. Qf6 Ra2 40. Rxa2 Qxa2+ 41. Qf2 Qxf2+ 42. Bxf2 Rd2 43. Kg3 Rd3+ 44. Re3 Rxe3+ 45. Bxe3 1/2-1/2